<?xml version="1.0" encoding="UTF-8"?>
<record
    xmlns:xsi="http://www.w3.org/2001/XMLSchema-instance"
    xsi:schemaLocation="http://www.loc.gov/MARC21/slim http://www.loc.gov/standards/marcxml/schema/MARC21slim.xsd"
    xmlns="http://www.loc.gov/MARC21/slim">

  <leader>00781cim a2200217   4500</leader>
  <controlfield tag="005">20180204111515.0</controlfield>
  <controlfield tag="007">sd uuuuuudmuud</controlfield>
  <controlfield tag="008">140710t2012    xx nnnnfs|||| 0s| c eng d</controlfield>
  <datafield tag="024" ind1=" " ind2=" ">
    <subfield code="a">9781111356439</subfield>
  </datafield>
  <datafield tag="024" ind1=" " ind2=" ">
    <subfield code="a">1111356432</subfield>
  </datafield>
  <datafield tag="040" ind1=" " ind2=" ">
    <subfield code="a">EG-ScBUE</subfield>
  </datafield>
  <datafield tag="082" ind1="0" ind2="4">
    <subfield code="2">22</subfield>
    <subfield code="a">428.43</subfield>
    <subfield code="b">REA</subfield>
  </datafield>
  <datafield tag="245" ind1="0" ind2="0">
    <subfield code="a">Reading explorer 5</subfield>
    <subfield code="h">[sound recording] :</subfield>
    <subfield code="b">audio CD : low advanced : 3000-3500 headwords : CEF C1-C2.</subfield>
  </datafield>
  <datafield tag="260" ind1=" " ind2=" ">
    <subfield code="a">[S. l.] :</subfield>
    <subfield code="b">National Geographic :</subfield>
    <subfield code="b">Heinle Cengage Learning,</subfield>
    <subfield code="c">c.2012.</subfield>
  </datafield>
  <datafield tag="300" ind1=" " ind2=" ">
    <subfield code="a">2 sound discs ;</subfield>
    <subfield code="c">4 3/4 in.</subfield>
  </datafield>
  <datafield tag="650" ind1=" " ind2="0">
    <subfield code="a">Reading comprehension</subfield>
    <subfield code="v">Audio-visual aids</subfield>
    <subfield code="9">36055</subfield>
  </datafield>
  <datafield tag="650" ind1=" " ind2="0">
    <subfield code="9">36056</subfield>
    <subfield code="a">Discoveries in geography</subfield>
    <subfield code="v">Audio-visual aids</subfield>
  </datafield>
  <datafield tag="653" ind1=" " ind2=" ">
    <subfield code="b">EEENG</subfield>
    <subfield code="c">July2014</subfield>
  </datafield>
  <datafield tag="710" ind1=" " ind2=" ">
    <subfield code="9">14131</subfield>
    <subfield code="a">National Geographic Society (U.S.)</subfield>
  </datafield>
  <datafield tag="942" ind1=" " ind2=" ">
    <subfield code="2">ddc</subfield>
    <subfield code="c">CDR</subfield>
    <subfield code="k">428.0071 REA</subfield>
  </datafield>
  <datafield tag="999" ind1=" " ind2=" ">
    <subfield code="c">18363</subfield>
    <subfield code="d">18335</subfield>
  </datafield>
  <datafield tag="952" ind1=" " ind2=" ">
    <subfield code="0">0</subfield>
    <subfield code="1">0</subfield>
    <subfield code="2">ddc</subfield>
    <subfield code="4">0</subfield>
    <subfield code="7">0</subfield>
    <subfield code="8">ILB</subfield>
    <subfield code="a">MAIN</subfield>
    <subfield code="b">MAIN</subfield>
    <subfield code="c">2ND</subfield>
    <subfield code="d">2014-07-15</subfield>
    <subfield code="e">purchase</subfield>
    <subfield code="g">270.00</subfield>
    <subfield code="h">4033</subfield>
    <subfield code="l">0</subfield>
    <subfield code="o">428.43 REA</subfield>
    <subfield code="p">000036078</subfield>
    <subfield code="r">2022-08-24 00:00:00</subfield>
    <subfield code="v">337.50</subfield>
    <subfield code="w">2014-07-15</subfield>
    <subfield code="y">CDVDN</subfield>
    <subfield code="z">4 audio CDs</subfield>
  </datafield>
</record>
